| 000 | 00659 a2200241 4500 | ||
|---|---|---|---|
| 001 | 21465 | ||
| 999 |
_c21465 _d8140 |
||
| 003 | TR-AnTOB | ||
| 005 | 20230926143153.0 | ||
| 008 | 041102s2003 tu tur | ||
| 020 | _a9754470510 | ||
| 041 | _atur | ||
| 050 |
_aPL248.G877 _bŞ57 2003 |
||
| 090 | _aPL248.G877 Ş57 2003 | ||
| 100 | 1 |
_aGürpınar, Hüseyin Rahmi, _d1864-1944 _96654 |
|
| 245 | 0 |
_aŞıpsevdi / _cHüseyin Rahmi Gürpınar, 1864-1944 ; uyar. Kemal Bek. |
|
| 250 | _a10. bs. | ||
| 264 | 1 |
_aİstanbul : _bÖzgür Yayınları, _c2003 |
|
| 300 |
_a444 p. ; _c20 cm. |
||
| 490 | 0 | _aÖzgür Yayınları; 87 | |
| 500 | _aIncludes bibliographies. | ||
| 902 | _a0003918 | ||
| 942 | _cBK | ||